000 00721nam a22001937a 4500
005 20251108175153.0
008 250721s2013 xx 000 0 ara d
082 1 4 _aم/327.47056/شيخ
100 1 _aالشيخ، نورهان
245 1 0 _aموقف الاتحاد السوفياتي و روسيا من الوحدة العربية منذ الحرب العالمية الأولى حتى اليوم /
264 1 _aبيروت :
_bمركز دراسات الوحدة العربية،
_c2013.
300 _a254ص.
650 1 7 _aالسياسة الخارجية
650 1 7 _aالبلدان العربية
650 1 7 _aالاتحاد السوفيتي
650 1 7 _aروسيا
942 _2ddc
_cREF
999 _c127807
_d127807